Catedrales de España - Estadísticas

Estadísticas generales
  • Esta prueba ha sido intentada 1.141 veces
  • La puntuación promedio es 10 de 16
Estadísticas de respuestas
Imagen Respuesta % Correcto
Santiago de Compostela
96%
Madrid
82%
Burgos
77%
Sevilla
77%
León
75%
Zaragoza
74%
Córdoba
73%
Palma
71%
Cádiz
61%
Barcelona
53%
Toledo
46%
Valencia
45%
Murcia
44%
Salamanca
42%
Oviedo
41%
Girona
39%
No se encontraron pruebas coincidentes
Distribución de puntuación
Porcentaje de gente con cada puntuación
Porcentaje por número respondido
Historial de tus puntuaciones
No has intentado esta prueba.